Introduction to database systems (Record no. 78528)

MARC details
000 -LEADER
fixed length control field 00360nam a2200145Ia 4500
008 - FIXED-LENGTH DATA ELEMENTS--GENERAL INFORMATION
fixed length control field 230917s9999||||xx |||||||||||||| ||und||
040 ## - CATALOGING SOURCE
-- 42982
Original cataloging agency VIVEKANANDA LIBRARY
041 ## - Language
-- English
082 ## - DDC NUMBER
Classification number 005.74 D451J
100 ## - MAIN ENTRY--PERSONAL NAME
Personal name Desai, Bipin C
245 #0 - TITLE STATEMENT
Title Introduction to database systems
260 ## - PUBLICATION, DISTRIBUTION, ETC. (IMPRINT)
Place of publication, distribution, etc New Delhi
Name of publisher, distributor, etc Galgotia
Date of publication, distribution, etc 2003
300 ## - PHYSICAL DESCRIPTION
Pages xviii, 820 p.
942 ## - ADDED ENTRY ELEMENTS (KOHA)
Koha item type Books
Holdings
Withdrawn status Lost status Damaged status Not for loan Location (home branch) Sublocation or collection (holding branch) Shelving location Date acquired Koha issues (times borrowed) Koha full call number Accession No. Koha date last seen Koha item type
        VIVEKANANDA LIBRARY VIVEKANANDA LIBRARY UIET Library 14/11/2002 1 005.74 D451J 154596 06/06/2024 Books
        VIVEKANANDA LIBRARY VIVEKANANDA LIBRARY UIET Library 14/11/2002   005.74 D451J 206106 17/09/2023 Books
        VIVEKANANDA LIBRARY VIVEKANANDA LIBRARY UIET Library 14/11/2002 1 005.74 D451J 206107 30/11/2023 Books
        VIVEKANANDA LIBRARY VIVEKANANDA LIBRARY UIET Library 14/11/2002   005.74 D451J 206108 17/09/2023 Books
        VIVEKANANDA LIBRARY VIVEKANANDA LIBRARY UIET Library 14/11/2002   005.74 D451J 206109 17/09/2023 Books
        VIVEKANANDA LIBRARY VIVEKANANDA LIBRARY   14/11/2002 1 005.74 D451J 206110 13/03/2024 Books
© Designed and Maintained by Vivekananda Library, MDU Rohtak